LIBRARY & INFORMATION CENTRE, KCAET, TAVANUR

ONLINE PUBLIC ACCESS CATALOGUE (OPAC)

English Critical Texts: 16-20 Century / (Record no. 5463)

MARC details
000 -LEADER
fixed length control field 00349cam a2200133ua 4500
082 ## - DEWEY DECIMAL CLASSIFICATION NUMBER
Classification number 828.09
Item number ENR/EN
100 ## - MAIN ENTRY--AUTHOR NAME
Personal name Enright, D J .
245 ## - TITLE STATEMENT
Title English Critical Texts: 16-20 Century /
250 ## - EDITION STATEMENT
Edition statement 1 /
260 ## - PUBLICATION, DISTRIBUTION, ETC. (IMPRINT)
Place of publication London :
Name of publisher Oxford University Press ,
Year of publication 1970.
300 ## - PHYSICAL DESCRIPTION
Number of Pages 384 ; .
700 1# - ADDED ENTRY--PERSONAL NAME
Personal name Chichera, Ernst De .
942 ## - ADDED ENTRY ELEMENTS (KOHA)
Koha item type Books
Holdings
Withdrawn status Lost status Damaged status Home library Current library Date acquired Full call number Accession Number Koha item type
      KAUAET KAUAET 07/04/2012 828.09 13212 Books
free website counter